Quizzes
Events
Quiz Creation
Community
Videos
Private Events
Remove Ads
Sign In
Join for FREE
Feedback
Dark Mode
Quiz Categories
Sports
Geography
Music
Movies
Television
Just For Fun
Miscellaneous
History
Literature
Language
Science
Gaming
Entertainment
Religion
Holiday
For Kids
Quiz Lab
Recent
Popular Today
Quiz Kudos Today
Editor Picks
Curator Picks
Quizzes by...
Day
Popularity
Type
Ratings
Length
Year
Community
Subscriptions
Recent Discussions
Orange Saloon
Badges
Playlists
Quests
Create
Leaderboards
Showdown
Live 5
Trivia Bingo
Activity
Puzzle Library
Sporcle Events
Private Events
Virtual Trivia
Globe League
Become a Host
Pub Owners
SporcleCon
Opinionation
Our Games
Videos
Blog
Mobile Apps
Partnerships
Remove Ads and Go Orange
Feedback
Sports
Athletes
MLB
NBA
NHL
NFL
Soccer
Sports Teams
WWE
NCAA
Football
Premier League
Basketball
Baseball
Hockey
Golf
Tennis
Cricket
Rugby
Auto Racing
Olympics
World Cup
Sports
Athletes
MLB
NBA
NHL
NFL
Soccer
Sports Teams
WWE
NCAA
Football
Premier League
Basketball
Baseball
Hockey
Golf
Tennis
Cricket
Rugby
Auto Racing
Olympics
World Cup
Random Quiz
Search Sporcle
×
Quiz Lab
Quiz Lab
Sports
MLB
Select answers by clicking on text or image buttons
Select answers by clicking on text or image buttons
Clickable
Best Score? Go Orange.
Texas Rangers Nicknames Stats
Can you match these current and former Texas Rangers players with their nicknames?
By
RangersBaseball
8m
48 Questions
95 Plays
95 Plays
95 Plays
Comments
Comments
Give Quiz Kudos
Give Quiz Kudos
-
- Ratings
hide this ad
Replay
Link that replays current quiz
Next Quiz
Link to next quiz in quiz playlist
You Got
0%
They Got
Avg Score
42%
Avg Friend Score
Upgrade to see
Score Distribution
Jump to the score distribution portion of the page
Score
0/48
Timer
08:00
0
Plays Today
% Correct
Ivan Rodriguez
94.7%
Vladimir Guerrero
89.4%
Nolan Ryan
84%
Andres Galarraga
76.6%
Eddie Guardado
76.6%
Will Clark
74.5%
Mickey Rivers
73.4%
Rich Gossage
72.1%
Kenny Rogers
70.4%
Dennis Boyd
70.2%
Derek Holland
68.1%
Mitch Williams
67%
Jeff Francoeur
65.1%
Pete Incaviglia
57.4%
Lance Berkman
55.3%
Nomar Mazara
55.3%
Juan Gonzalez
52.1%
Mike Hargrove
51.1%
Travis Hafner
50%
Rusty Greer
47.9%
Gary Matthews Jr.
47.9%
Don Stanhouse
46.8%
Mark McLemore
45.7%
Rusty Staub
45.7%
% Correct
Bill Madlock
44.7%
Colby Lewis
43.6%
Ruben Sierra
41.5%
Frank Howard
36.1%
Jerry Browne
35.9%
Rougned Odor
35.1%
Bert Blyleven
34.4%
Cole Hamels
34%
Al Oliver
31.9%
Mickey Tettleton
29.8%
Tom Henke
27.7%
Jim Kern
26.6%
Antonio Alfonseca
26.6%
Danny Darwin
24.5%
Rico Carty
22.3%
Warren Newson
20.2%
Don Slaught
20.2%
Brian Downing
18.8%
Tom Paciorek
15.6%
Steve Foucault
9.6%
Dave Rajsich
9.6%
Larvell Blanks
7.8%
Clyde Wright
6.3%
Bill Hands
4.7%
Quiz Playlist
Details
Report
Send in Message
Add To Playlist
Clickable:
Select answers by clicking on text or image buttons
Last Updated: Feb 16, 2017
Quiz Scoreboard
CHALLENGE
Sign Up to Join the Scoreboard
Show All
Scores
Hide
Comments
May contain spoilers
Recently Published
Popular People in 1961
by mucciniale
History
6m
1-10 Letter E Words III
by El_Dandy
Language
2m
One Thing in Common: World Cities II
by knightlancer
Geography
7m
More to Explore
Quiz From the Vault
Featured Blog Post
Where Did the Easter Bunny Come From?
hide this ad
You Might Also Like...
Tags
Baseball Quiz
MLB Quiz
nickname
Texas Rangers
Today's Top Quizzes in Sports
Browse Sports
hide this ad
Today's Top Quizzes in MLB
Browse MLB
Top Contributed Quizzes in Sports
1
2022 World Cup Stars
2
Les entraîneurs de l'OM et du PSG au 21e siècle
3
FIFA Club World Cup Champions
4
Criteria MLB: Left Handed Sluggers
5
Les meilleurs buteurs des matchs entre le PSG et l’OM
6
Name the Premier League winners with different clubs
7
Players with Multiple 50 Home Run Seasons
8
MLB Players with Two .350 Batting Average Seasons
9
La finale Lions - Afrique du Sud 2021
10
MLB Hall of Famer by Rings
Explore More
Trending Topics
Anime
Disney
Crossword
Kpop
Harry Potter
NBA
Marvel
Country
Puzzle
Soccer
Song
Pokémon
NFL
The Office
WWE
hide this ad
More By:
RangersBaseball
Quiz
Plays
Rating
Category
Featured
Created
Texas Rangers Nicknames
95
5.00
Sports
May 17, 2016
Go to Creator's Profile
Score Distribution
Quiz Creator Spotlight
RangersBaseball
Follow
Send a Message
Quizzes Created
-
Created Quiz Play Count
-
More By This Creator
Popular Quizzes Today
1
Find the US States - No Outlines Minefield
2
The Countries of the World
3
Popular People in 1961
4
Find the Countries of Europe - No Outlines Minefield
5
1-10 Letter E Words III
6
Find the US States
7
One Thing in Common: World Cities II
8
US States
More Sports Quizzes
Premier League 4 Goals In One Game
Quiz Lab
Trending Quizzes
Country Music Stars Doing Things
Get the Picture: Carrie or Dolly
1-10 Letter F Words
1-10 Letter G Words
Risky Map Clicking: Next State Alphabetically
Recently Updated
Leaping Animals
pecheneg
Reality TV Shows (A-Z)
bhenderson79
Rickey Henderson's Hall of Fame Teammates
pecheneg
Champions League XIs: Arsenal
pecheneg
Quick Pick: Celebrities in WWE's Hall of Fame
aduchscher
A-Z Keypad Blitz II
pecheneg
Multiple Oscar Actors
pecheneg
Mystery Phrase Blitz: Oscar 'Best Actors'
pecheneg
F. Scott Fitzgerald Novels
LTH
Pick 3 Villains
ddd62291
Trending Topics
Kpop
Anime
Disney
Harry Potter
Crossword
NBA
Marvel
Puzzle
Pokémon
The Office
Country
WWE
Soccer
NFL
Song
Your Account Isn't Verified!
In order to create a playlist on Sporcle, you need to verify the email address you used during registration. Go to your
Sporcle Settings
to finish the process.
Report this User
Report this user for behavior that violates our
Community Guidelines
.
Details:
Send Report
Go to the Sporcle.com Mobile Site →
Comments